Sanat - "Kaunis, kirkas aurinko paistaa" - Statistics

Yleistilastot
  • Tätä visaa on pelattu 4 kertaa
  • Keskiarvotulos 20 / 44
Vastaustilastot
Vastaus % Oikein
aurinko
100%
Kaunis
100%
kirkas
100%
paistaa
100%
kummut
67%
laula
67%
laula
67%
laula
67%
laula
67%
laulaa
67%
Linnut
67%
metsät
67%
ain
33%
ain
33%
haihtuu
33%
haihtuu
33%
helmahan
33%
huolet
33%
huolet
33%
kaiku
33%
kaikuu
33%
kanssain
33%
kulje
33%
kultaa
33%
laulan
33%
laulan
33%
luonnon
33%
oksilla
33%
pienet
33%
rastaan
33%
riemut
33%
rintani
33%
soinnut
33%
soivat
33%
sulta
33%
sulta
33%
vain
33%
vain
33%
vain
33%
vain
33%
vastaa
33%
vastaan
33%
vuoret
33%
vuorten
33%
Ehtoja vastaavia visoja ei löytynyt
Tulosjakauma
Jokaisen tuloksen saaneiden osuus
Persentiili vastausten määrän mukaan
Tuloshistoriasi
Et ole pelannut tätä visaa